000 01061cam a22003134a 4500
001 14328425
003 OSt
005 20180711112646.0
008 060404s2006 maua b 001 0 eng
010 _a 2006044961
020 _a9780073209555 (alk. paper)
020 _a0073209554 (alk. paper)
040 _aDLC
_cDLC
_dDLC
042 _apcc
050 0 0 _aRA776
_b.R63 2006
082 0 0 _a613
_222
100 1 _aRobbins, Gwen
245 1 2 _aA wellness way of life /
_cGwen Robbins, Debbie Powers, Sharon Burgess.
250 _a7th ed.
260 _aBoston, Mass. :
_bMcGraw-Hill,
_c2006.
300 _a1 v. (various pagings) :
_bcol. ill. ;
_c28 cm.
504 _aIncludes bibliographical references and index.
650 0 _aHealth.
700 1 _aPowers, Debbie.
700 1 _aBurgess, Sharon.
906 _a7
_bcbc
_corignew
_d1
_eocip
_f20
_gy-gencatlg
942 _2lcc
_cBK
999 _c250931
_d250931